[Event "GER-ch Rapid (Women)"]
[Site "Dinkelsbuehl"]
[Date "2023.11.11"]
[Round "1"]
[White "Muedder, Melanie"]
[Black "Khrapko, Marharyta"]
[Result "1-0"]
[WhiteElo "1813"]
[BlackElo "2067"]
[PlyCount "79"]
[EventDate "2023.11.11"]
[EventType "swiss (rapid)"]
[EventRounds "9"]
[EventCountry "GER"]
[SourceTitle "CB47_2023"]
[SourceDate "2023.11.22"]
[SourceVersion "1"]
[SourceVersionDate "2023.11.22"]
[SourceQuality "1"]

1. e4 c5 2. Nf3 Nc6 3. d4 cxd4 4. Nxd4 e5 5. Nb5 d6 6. N1c3 a6 7. Na3 Be7 8. Nc4 b5 9. Ne3 Nf6 10. g3 h5 11. Bg2 h4 12. a4 Rb8 13. axb5 axb5 14. Ncd5 b4 15. c3 Kf8 16. 0-0 g6 17. Nc4 Ne8 18. f4 hxg3 19. hxg3 exf4 20. Nxf4 Kg7 21. Be3 Bf6 22. Nd5 Bg5 23. Qf3 Be6 24. Ra6 Rc8 25. Bb6 Qd7 26. Be3 Qb7 27. Rb6 Qd7 28. Bxg5 Qa7 29. Be3 Qa2 30. Rxc6 Rxc6 31. Bd4+ Kg8 32. Ne7+ Kf8 33. Nxc6 Rh7 34. Nxd6 Nxd6 35. Bc5 Qa6 36. Bxd6+ Ke8 37. e5 b3 38. Nd4 Bc4 39. Qf6 Qa7 40. Bc6+ 1-0

[Event "BL 2223 (Women)"]
[Site "Germany"]
[Date "2023.05.01"]
[Round "11.2"]
[White "Muedder, Melanie"]
[Black "Anisheva, Varvara"]
[Result "1/2-1/2"]
[WhiteElo "1913"]
[BlackElo "2086"]
[PlyCount "139"]
[EventDate "2022.10.15"]
[EventType "team-tourn"]
[EventRounds "11"]
[EventCountry "GER"]
[SourceTitle "EXT 2024"]
[Source "ChessBase"]
[SourceDate "2023.10.10"]
[SourceVersion "1"]
[SourceVersionDate "2023.10.10"]
[SourceQuality "1"]
[WhiteTeam "Solingen (W)"]
[BlackTeam "Erfurt Medizin (W)"]
[WhiteTeamCountry "GER"]
[BlackTeamCountry "GER"]

1. e4 c5 2. Nf3 Nc6 3. d4 cxd4 4. Nxd4 Qc7 5. Nc3 e6 6. Qd3 a6 7. Nxc6 bxc6 8. Qg3 Qxg3 9. hxg3 d5 10. Na4 Rb8 11. exd5 cxd5 12. Bf4 Rb4 13. b3 e5 14. Bd2 Rb8 15. c4 Nf6 16. cxd5 Nxd5 17. Bc4 Nc7 18. 0-0 Bd6 19. Rad1 Ke7 20. Ba5 Ne6 21. Nb6 Bb7 22. Rfe1 h5 23. Bxe6 Kxe6 24. Nc4 Bd5 25. Rxd5 Kxd5 26. Rd1+ Ke6 27. Rxd6+ Kf5 28. Ne3+ Kg5 29. Bd2 f6 30. Nc4+ Kf5 31. Rxa6 h4 32. gxh4 Rxh4 33. g3 Rh7 34. Kg2 Ke4 35. Rd6 Kf5 36. f3 Re8 37. a4 g5 38. Bc3 Rhe7 39. Ne3+ Kg6 40. Nc4 Kg7 41. f4 gxf4 42. gxf4 Kf7 43. fxe5 fxe5 44. Nxe5+ Rxe5 45. Bxe5 Rxe5 46. Kf3 Rh5 47. Ke4 Ke7 48. Rd5 Rh3 49. Rd3 Rh5 50. Rd4 Rh3 51. Rd3 Rh5 52. Kd4 Kd7 53. Kc4+ Kc7 54. b4 Rh4+ 55. Rd4 Rh5 56. Rd5 Rh7 57. a5 Kb7 58. Kb5 Ka7 59. a6 Rh1 60. Rd7+ Ka8 61. Kc6 Rh6+ 62. Rd6 Rh8 63. Kc7 Rh5 64. Kb6 Rh8 65. a7 Rg8 66. b5 Rh8 67. Kc7 Rh7+ 68. Rd7 Rh6 69. Kc8 Rc6+ 70. bxc6 1/2-1/2

[Event "GER-chT U20 Girls"]
[Site "Muenster"]
[Date "2022.12.30"]
[Round "7"]
[White "Muedder, Melanie"]
[Black "Dietz, Kristin"]
[Result "0-1"]
[WhiteElo "1927"]
[BlackElo "1762"]
[PlyCount "94"]
[EventDate "2022.12.26"]
[EventType "team-swiss"]
[EventRounds "7"]
[EventCountry "GER"]
[SourceTitle "CBM 212 Extra"]
[Source "ChessBase"]
[SourceDate "2023.03.31"]
[SourceVersion "1"]
[SourceVersionDate "2023.03.31"]
[SourceQuality "1"]
[WhiteTeam "Solingen"]
[BlackTeam "Halle USV"]
[WhiteTeamCountry "GER"]
[BlackTeamCountry "GER"]

1. e4 c6 2. d4 d5 3. f3 e6 4. Nc3 Bb4 5. Bd2 Bxc3 6. Bxc3 dxe4 7. Nh3 exf3 8. Qxf3 Qf6 9. Qe2 Nd7 10. 0-0-0 Ne7 11. Nf2 Nd5 12. Ne4 Qe7 13. Be1 0-0 14. Bg3 e5 15. dxe5 Nxe5 16. h3 Re8 17. Qh5 f6 18. Re1 Bd7 19. Nd2 Qf7 20. Be2 g6 21. Qh4 Ne3 22. Qd4 Nf5 23. Qc3 Nxg3 24. Qxg3 Qxa2 25. Rhf1 Kg7 26. Qf4 Qa1+ 27. Nb1 Rf8 28. Qb4 b5 29. Kd2 a5 30. Qc3 Qa4 31. Kc1 Bf5 32. g4 b4 33. Qc5 Nd7 34. Qc4 Ne5 35. Qc5 Be4 36. g5 Rae8 37. gxf6+ Rxf6 38. Rxf6 Kxf6 39. Rf1+ Kg7 40. Bd1 Qb5 41. Qf2 Qd5 42. Nd2 Bf5 43. Re1 Rd8 44. Qf4 Nf7 45. Bf3 Qd4 46. Qh2 a4 47. Qg1 Qxd2+ 0-1

[Event "Reinstorf op"]
[Site "Reinstorf"]
[Date "2022.02.05"]
[Round "8"]
[White "Oest, Thorsten"]
[Black "Muedder, Melanie"]
[Result "1-0"]
[WhiteElo "2111"]
[BlackElo "1815"]
[PlyCount "69"]
[EventDate "2022.01.29"]
[EventType "swiss"]
[EventRounds "9"]
[EventCountry "GER"]
[SourceTitle "CBM 206 Extra"]
[Source "ChessBase"]
[SourceDate "2022.03.31"]
[SourceVersion "1"]
[SourceVersionDate "2022.03.31"]
[SourceQuality "1"]

1. e4 c5 2. Nf3 Nc6 3. d4 cxd4 4. Nxd4 e5 5. Nb5 d6 6. N1c3 a6 7. Na3 Be6 8. Nc4 b5 9. Ne3 Nf6 10. Bd3 g6 11. Ncd5 Bg7 12. c3 0-0 13. 0-0 Bxd5 14. Nxd5 Nxd5 15. exd5 Na5 16. a4 Nc4 17. Qb3 Nb6 18. axb5 axb5 19. Be3 Qc7 20. Bxb5 Rab8 21. c4 Rfc8 22. Rfc1 Bf8 23. Qd3 f5 24. f3 Bg7 25. Ra6 Kh8 26. b4 f4 27. Bf2 Rb7 28. c5 Nxd5 29. Rc6 Qb8 30. Rxc8+ Qxc8 31. c6 Nxb4 32. Qc4 Rxb5 33. Qxb5 Na2 34. c7 Nxc1 35. Qb8 1-0

[Event "GER-chT Lands U20"]
[Site "Neumuenster"]
[Date "2021.10.02"]
[Round "2.4"]
[White "Falke, Ornella"]
[Black "Muedder, Melanie"]
[Result "0-1"]
[WhiteElo "1655"]
[BlackElo "1949"]
[PlyCount "66"]
[EventDate "2021.10.01"]
[EventType "team-swiss"]
[EventRounds "7"]
[EventCountry "GER"]
[SourceTitle "CBM 204 Extra"]
[Source "ChessBase"]
[SourceDate "2021.11.30"]
[SourceVersion "1"]
[SourceVersionDate "2021.11.30"]
[SourceQuality "1"]
[WhiteTeam "Schleswig Holstein"]
[BlackTeam "Nordrhein Westfalen"]
[WhiteTeamCountry "GER"]
[BlackTeamCountry "GER"]

1. d4 Nf6 2. c4 g6 3. h4 c5 4. d5 b5 5. cxb5 a6 6. bxa6 Bxa6 7. Nc3 d6 8. e3 Bxf1 9. Kxf1 Bg7 10. Nge2 Nbd7 11. Nf4 h6 12. a4 0-0 13. Rh3 Qa5 14. Bd2 Rfb8 15. Qc2 Qa6+ 16. Kg1 Qc4 17. Ra3 Rb7 18. b3 Qa6 19. e4 Rab8 20. Re3 Ne5 21. Qa2 Ra8 22. a5 c4 23. Na4 Nfd7 24. b4 Qb5 25. Ne2 Nd3 26. Bc3 Nxb4 27. Qd2 Ne5 28. Nd4 Qxa5 29. f4 Ned3 30. Nc6 Bxc3 31. Nxa5 Bxd2 32. Re2 Rxa5 33. Rxd2 Rba7 0-1

[Event "GER-ch U18 Girls"]
[Site "Willingen"]
[Date "2021.08.28"]
[Round "8"]
[White "Bardorz, Jana"]
[Black "Muedder, Melanie"]
[Result "0-1"]
[WhiteElo "1883"]
[BlackElo "1959"]
[PlyCount "90"]
[EventDate "2021.08.22"]
[EventType "swiss"]
[EventRounds "9"]
[EventCountry "GER"]
[SourceTitle "EXT 2022"]
[Source "ChessBase"]
[SourceDate "2021.10.06"]
[SourceVersion "1"]
[SourceVersionDate "2021.10.06"]
[SourceQuality "1"]

1. e4 c5 2. Nf3 Nc6 3. d4 cxd4 4. Nxd4 e5 5. Nb5 d6 6. c4 g6 7. N5c3 Bg7 8. Nd5 Be6 9. Nbc3 Nf6 10. Bg5 h6 11. Bxf6 Bxf6 12. Bd3 0-0 13. 0-0 Bg7 14. Ne3 f5 15. Kh1 f4 16. Nc2 f3 17. gxf3 Qh4 18. Rg1 g5 19. Rg3 Rf7 20. Nd5 Raf8 21. Be2 Nd4 22. Nxd4 exd4 23. Qd2 Be5 24. Rag1 Bxd5 25. exd5 Rf4 26. R1g2 Qh5 27. Rg4 Rxg4 28. fxg4 Qh4 29. Bd3 Rf3 30. Be4 Rh3 31. f3 Bf4 32. Qf2 h5 33. Qxh4 Rxh4 34. gxh5 Rxh5 35. Bf5 Kf7 36. Kg1 Kf6 37. Bg4 Rh8 38. h3 d3 39. Kf1 Ke5 40. Ke1 Kd4 41. b3 a5 42. Rb2 Kc3 43. Rb1 Kc2 44. Ra1 Be5 45. Rd1 Bg3+ 0-1

[Event "GER-ch U18 Girls"]
[Site "Willingen"]
[Date "2021.08.26"]
[Round "5"]
[White "Muedder, Melanie"]
[Black "Wagner, Victoria"]
[Result "0-1"]
[WhiteElo "1959"]
[BlackElo "1657"]
[PlyCount "122"]
[EventDate "2021.08.22"]
[EventType "swiss"]
[EventRounds "9"]
[EventCountry "GER"]
[SourceTitle "EXT 2022"]
[Source "ChessBase"]
[SourceDate "2021.10.06"]
[SourceVersion "1"]
[SourceVersionDate "2021.10.06"]
[SourceQuality "1"]

1. e4 e5 2. Nf3 Nc6 3. Bc4 Be7 4. d4 exd4 5. Nxd4 Nf6 6. Nc3 d6 7. 0-0 0-0 8. h3 Ne5 9. Be2 c5 10. Nf3 h6 11. Bf4 Qc7 12. Qd2 Kh7 13. Rad1 a6 14. a4 Be6 15. Bxe5 dxe5 16. Nd5 Bxd5 17. exd5 Rad8 18. c4 e4 19. Qc2 Kh8 20. Nd2 Qf4 21. Rfe1 Bd6 22. Nf1 Rfe8 23. Qd2 Qh4 24. Ne3 Qf4 25. g3 Qg5 26. Ng4 e3 27. Qd3 exf2+ 28. Kxf2 Ne4+ 29. Kg2 f5 30. h4 Qg6 31. Bf3 h5 32. Bxe4 fxe4 33. Qe2 Qxg4 34. Qxg4 hxg4 35. Re2 Re7 36. Rf1 Rde8 37. Rf5 e3 38. Rg5 Re4 39. Rg6 Bc7 40. d6 Ba5 41. h5 R8e6 42. Rg5 R4e5 43. Rxg4 Rxd6 44. Kf3 Rd4 45. Rf4 Bd2 46. Rh2 Rxf4+ 47. gxf4 e2 48. Rxe2 Rxe2 49. Kxe2 Bxf4 50. Kf3 Be5 51. b3 Kh7 52. Ke4 Bc3 53. Kd5 Bb4 54. Kd6 a5 55. Kc7 Kh6 56. Kb6 Kxh5 57. Kb5 g5 58. Kb6 g4 59. Kb5 g3 60. Kb6 g2 61. Kb5 g1Q 0-1